00462nam a22000977a 4500008004100000010001800041245007800059260002300137500015800160500004600318150715b xxu||||| |||| 00| 0 eng d 8HCCRS ARF:027 aHIGH COURT CRIMINAL SESSION NO.149 OF 1974 Uganda Vs Sendere s/o Gwembeba aHigh Court Kampala 3(original criminal Case No.MMA.726 of 1973 in the Chief Magistrate's court of Masaka at Masaka Before:His Worship E.N.Tagayika, Esq., Grade 11 Mag.)  3Before: Hon. Mr. Ag. Justice F.K.Butagira